| LEADER 01174nam 2200277 a 4500 |
| 001 13399124975 |
| 003 ULIBM |
| 008 030417s2553 th a sb 001 0 eng |
| 099 ^aว ผม.มธ. 15 2553 |
| 100 0 ^aพงษ์พิศิษฐ์ หุยากรณ์. |
| 245 10 ^aการออกแบบเกมสวมบทบาทเพื่อการจัดการป้องกันและการบรรเทามรดกทางวัฒนธรรมภายใต้สภาวะอากาศเปลี่ยนแปลง กรณีศึกษาอุทยานประวัติศาสตร์ จังหวัดพระนครศรีอยุธยา /^cพงษ์พิศิษฐ์ หุยากรณ์. |
| 260 ^aกรุงเทพฯ :^bมหาวิทยาลัยธรรมศาสตร์,^c2553. |
| 300 ^a10, 187 แผ่น. |
| 500 ^aวิทยานิพนธ์ การผังเมืองบัณฑิต, 2553. |
| 650 4 ^aอุทยานประวัติศาสตร์ูู^xการอนุรักษ์และบำรุงรักษา. |
| 710 0 ^aฉวีวรรณ เด่นไพบูลย์, ^eอาจารย์ที่ปรึกษา. |
| 856 ^uhttps://digital.library.tu.ac.th/tu_dc/frontend/Info/item/dc:339112 ^zเอกสารฉบับเต็ม (ดูรายบทคลิกที่ Bookmarks) |
| 913 ^aImported by ULIBM Administrator |
| 949 ^aImport form external file by ULIBM system |